000 00677nam a2200277Ia 4500
005 20260324133923.0
008 008 260324s9999 xx 000 0 eng d
020 _a9781003210733
037 _aEBOOK
040 _aCRL
040 _beng
040 _cCRL
041 _2eng
041 _aeng
084 _qCRL
100 _a Ukcp United Kingdom Council For Psychotherapy
_91194886
245 0 _aNational Register of Psychotherapists 2002
260 _bTaylor and Francis
260 _c2002
365 _a
365 _b120
856 _uhttp://www.taylorfrancis.com/books/9781003210733
942 _cEBOOK
999 _c1794442
_d1794442